00674nam a2200193Ia 4500003000900000008004100009040001600050080002100066100002200087245012700109250001200236260006800248300002300316490003700339650004100376700002000417700002300437700002000460IN-BaIIA211028s9999 xx 000 0 eng d cIIA Library a083.8:52-76bGEZ aGezari, Daniel Y. 0aFar infrared supplementbcatalog of observationscDaniel Y. Gezari…[et al.]  a3rd ed. aWashingtonbNational Aeronautics and Space Administrationc1993 a[various pagings.] aNASA reference publication; 1295 aAstronomy and astrophysics thesaurus aMead, Jaylee M. aPitts, Patricia S. aSchmitz, Marion